Nomes mais comuns na Espanha - Statistics

Estatísticas Gerais
  • Esse quiz foi jogado 216 vezes
  • A pontuação média é 14 de 40
Estatísticas das Respostas
nome % Correto
María
86%
Juan
71%
José
69%
Pedro
68%
Carlos
63%
Ana
61%
Luis
60%
Antonio
56%
Fernando
56%
Daniel
47%
Pablo
45%
Paula
43%
Francisco
40%
Miguel
39%
Manuel
36%
Carmen
32%
Isabel
31%
Sergio
30%
Laura
29%
David
28%
Luisa
28%
Antonia
26%
Jorge
26%
Lucía
26%
Javier
24%
Alejandro
22%
Cristina
22%
Rafael
22%
Sara
22%
Teresa
22%
Ángel
20%
Jesús
18%
Francisca
17%
Marta
17%
Pilar
16%
Dolores
14%
Elena
11%
Josefa
7%
Concepción
5%
Angeles
2%
Nenhum quiz correspondente encontrado
Distribuição das Pontuações
Porcentagem de Pessoas com Cada Pontuação
Percentil de Números Respondidos
Sua Pontuação Histórica
Você não jogou esse quiz